| 000 | 00607nam a22002177a 4500 | ||
|---|---|---|---|
| 999 |
_c16835 _d16835 |
||
| 003 | OSt | ||
| 005 | 20180507162732.0 | ||
| 008 | 180507b xxu||||| |||| 00| 0 eng d | ||
| 020 | _a0324055587 | ||
| 040 | _cKABU | ||
| 050 |
_aHD 31 _b.H45 2001 C.1 |
||
| 100 | _aHellriegel, Don | ||
| 245 |
_aManagement: _ba competency - based approach/ _cDon Hellriegel, Susan E. Jackson and John W. Slocum. |
||
| 250 | _a9th ed. | ||
| 260 |
_aAustralia: _bThomson Learning; _c2001 |
||
| 300 | _axxvi, 561p. | ||
| 650 | _aManagement | ||
| 700 | _aJackson, E. Susan | ||
| 700 | _aSlocum, W. John. | ||
| 942 |
_2lcc _cBK |
||